Le sabbat (Record no. 136261)

MARC details
000 -LEADER
campo de control de longitud fija 00554nam a2200169 4500
001 - NÚMERO DE CONTROL
campo de control 136261
003 - IDENTIFICADOR DE NÚMERO DE CONTROL
campo de control ES-MaACL
005 - FECHA Y HORA DE LA ÚLTIMA TRANSACCIÓN
campo de control 20230906195055.0
007 - CAMPO FIJO DE DESCRIPCIÓN FÍSICA--INFORMACIÓN GENERAL
campo de control de longitud fija t|
008 - DATOS DE LONGITUD FIJA--INFORMACIÓN GENERAL
campo de control de longitud fija 070214s1935 fr r ||||1| fre d
245 03 - MENCIÓN DEL TÍTULO
Título Le sabbat
Resto del título : textes de la mishnah relatifs au repos du sabbat /
Mención de responsabilidad, etc. avec commentaires de W. O. E. Oesterley ; préface et traduction de S. Jankeleviteh.
260 ## - PUBLICACIÓN, DISTRIBUCIÓN, ETC.
Lugar de publicación, distribución, etc. Paris :
Nombre del editor, distribuidor, etc. Mayenne,
Fecha de publicación, distribución, etc. 1935.
300 ## - DESCRIPCIÓN FÍSICA
Extensión 219 p. ;
Dimensiones 23 cm.
700 1# - ENTRADA AGREGADA--NOMBRE PERSONAL
Nombre de persona Oesterley, W. O. E.
9 (RLIN) 86553
700 1# - ENTRADA AGREGADA--NOMBRE PERSONAL
Nombre de persona Jankeleviteh, S.
9 (RLIN) 66034
852 ## - LOCALIZACIÓN
Ubicación ES-MaACL
Número de control de estantería A-3678
Holdings
Estatus retirado Estado de pérdida Estado de daño No para préstamo Biblioteca de origen Biblioteca actual Ubicación en estantería Fecha de adquisición Fuente de adquisición Total de préstamos Signatura topográfica completa Código de barras Visto por última vez Precio de reemplazo Tipo de ítem Koha
        Biblioteca del Ateneo de Madrid Biblioteca del Ateneo de Madrid Sala Pecera Planta 1 17/01/2008     A-3678 1141813 23/02/2023 23/02/2023 Libro impreso